000 00568nam a2200217Ia 4500
003 OSt
005 20221005130727.0
006 a|||||r|||| 00| 0
007 ta
008 221004b |||||||| |||| 00| 0 snd d
024 _a6901
037 _cTextual
040 _aCRL
_cCRL
_bsnd
041 _2snd
_asnd
082 _aT15:391xL66, 1593F9
100 _aPherwani
_9207396
245 0 _aSalhaweet Barani sikhiya Daltan method education
260 _c1929
942 _hT15:391xL66, 1593F9
_cTEXL
_2cc
999 _c1058198
_d1058198